| 000 | 00357nam a2200145Ia 4500 | ||
|---|---|---|---|
| 008 | 191201s2005 xx 000 0 und d | ||
| 082 |
_a621.8 _bPAM |
||
| 100 | _aPANDEY, P C | ||
| 245 | 0 | _aModern Machining Processes | |
| 250 | _a26th | ||
| 260 |
_aN.Delhi _bTata Mc Graw Hill Pubg. co. Ltd _c2005 |
||
| 300 | _a168 | ||
| 650 | _aB.Tech(ME) | ||
| 942 |
_2ddc _cBK |
||
| 999 |
_c970 _d970 |
||